| 000 | 01038cam a22002771i 4500 | ||
|---|---|---|---|
| 003 | SA-RiAUC | ||
| 005 | 20241201143742.0 | ||
| 008 | 241128s1976 su g f000 0 ara c | ||
| 040 |
_aSA-JeALM _bara _cSA-RiAUC _erda |
||
| 082 | 0 | 4 | _a221.131 |
| 090 |
_a221.131 _b ب ل ي |
||
| 100 | 1 |
_aالبليهي، صالح بن إبراهيم بن محمد، _d1331-1410 هجري _eمؤلف. |
|
| 245 | 1 | 2 |
_aالهدى والبيان في أسماء القرآن / _cصالح بن إبراهيم البليهي. |
| 250 | _aالطبعة الأولى. | ||
| 264 | 1 |
_aالرياض : _bجامعة الإمام محمد بن سعود الإسلامية، _c1977 |
|
| 300 |
_a511 صفحة ؛ _c24 سم |
||
| 336 |
_aنص _btxt _2rdacontent _3كتاب |
||
| 337 |
_aبدون وسيط _bn _2rdamedia |
||
| 338 |
_aمجلد _bnc _2rdacarrier |
||
| 590 | _aهادي. | ||
| 630 | 2 | 7 |
_aالقرآن _xسور وآيات _2aucut |
| 730 | 2 | 2 | _aالقرآن |
| 942 |
_2ddc _cBOOK _n0 |
||
| 949 |
_aSA-JeALM _d241128 _uosman123 _n1 |
||
| 999 |
_c2903 _d2903 |
||